000 00545nam a2200205 a 4500
001 13852
003 CO-ViMGA
008 141112s2004 ck r 000 u spa d
020 _a8425510600
040 _aCO-ViMGA
_bspa
_cCO-ViMGA
082 0 4 _a794.1 G455a
100 1 _aGillam, A. J.
_920192
245 1 0 _aAjedrez :
_bproblemas resueltos sobre tacticas
260 _aBarcelona :
_bHispano Europea,
_c1995
300 _a126
490 _aJaque mate
590 _aForma de adquisición : Compra
650 1 4 _aAJEDREZ
_920193
942 _2ddc
_cBK
999 _c24554
_d24554